| 000 | 01159nam a22003377a 4500 | ||
|---|---|---|---|
| 003 | CHAP | ||
| 005 | 20220329134554.0 | ||
| 008 | 971013s1973 r 00010 d | ||
| 010 | _a22388 | ||
| 011 | _a23360 | ||
| 035 | _a27456 | ||
| 040 | _cCHAP | ||
| 082 |
_a674.12 _bD4 |
||
| 100 | 0 | 0 |
_aDesch, H. E. _932115 |
| 245 | _aTimber ; its structure and properties | ||
| 250 | _a5 ed. | ||
| 260 |
_aLondon : _bMcMillan, _c1973 |
||
| 300 |
_a424 p. _b: ilus. ; láms. gráfs. |
||
| 504 | _aBibliografía p. 403-415 | ||
| 590 |
_aBATCH-UPD _b10 _c20130110 _lUCH01 _h1609 |
||
| 590 |
_aCONVERSION _b10 _c20130109 _lUCH01 _h1313 |
||
| 650 | 1 | 4 |
_aMadera _xEstructura. _969607 |
| 650 | 1 | 4 |
_aMadera _xPropiedades y usos. _969621 |
| 901 | _aBK | ||
| 942 | _cLIBRO | ||
| 949 |
_a674.12 D4 _bBC _cLIBRO _d33724000140935 _eLIBRO _h31600 _i27456 _si |
||
| 949 |
_a674.12 D4 _bBC _cLIBRO _d33724000140943 _eLIBRO _fc.2 _h31601 _i27456 _si |
||
| 949 |
_a674.12 D4 _bBC _cLIBRO _d33724000140950 _eLIBRO _fc.3 _h31602 _i27456 _si |
||
| 949 |
_a674.12 D4 _bBC _cLIBRO _d33724000140968 _eLIBRO _fc.5 _h31604 _i27456 _si |
||
| 949 |
_a674.12 D4 _bBC _cLIBRO _d33724000140976 _eLIBRO _fc.4 _h31603 _i27456 _si |
||
| 999 |
_c22388 _d22388 |
||